Countries That Hate United States - Statistics

General Stats
  • This quiz has been taken 117 times
  • The average score is 12 of 19
Answer Stats
Hint Answer % Correct
Europe/Asia Russia
98%
Asia China
92%
Asia North Korea
84%
Asia Iran
83%
North America Cuba
77%
Asia Syria
71%
Europe/Asia Turkey
71%
South America Venezuela
68%
Asia Afghanistan
67%
Europe Belarus
64%
Africa Libya
57%
North America Nicaragua
55%
North America Nicaragua
55%
Asia Yemen
54%
Africa Somalia
53%
Africa Algeria
45%
Asia Laos
41%
Asia Kazakhstan
39%
Asia Cambodia
36%
No matching quizzes found
Score Distribution
Percent of People with Each Score
Percentile by Number Answered
Your Score History
You have not taken this quiz